000 01162nam a22002777a 4500
003 OSt
005 20260505015223.0
008 260420b |||||||| |||| 00| 0 eng d
040 _bEnglish.
_cCvSU-CCAT Campus Library.
_erda.
050 _aUM TJ 1195
_bL34 2008
100 _aLegaspi, April Anne R., author.
_920521
245 _aAn improvised stock-centering device :
_ba technical feasibility study /
_cApril Anne R. Legaspi, Cristobal O. Redado, Dymmar R. Talubo.
260 _aRosario, Cavite :
_bCavite State University-CCAT Campus,
_c2008
300 _avi, 29 leaves :
_billustrations ;
_c28 cm
500 _aFeasibility Study (BSIT) -- Cavite State University-CCAT Campus, 2008.
504 _aIncludes bibliographical references and appendices.
546 _aIn English text
650 0 _aJigs and fixtures
_920040
650 0 _aMachine design
_92234
650 0 _aMachine-shop practice
_94085
700 _aRedado, Cristobal O., author.
_920522
700 _aTalubo, Dymmar R., author.
_920523
700 _aAlvarez, Nestor M., adviser
_95915
942 _2lcc
_cT/M/D
_hTJ 1195 L34 2008
_kUM
999 _c5186
_d5186